Κατάλογος Βιβλιοθηκών Mediterranean College

Η ΨΥΧΟΛΟΓΙΑ ΤΟΥ ΕΦΗΒΟΥ (Record no. 6868)

MARC details
000 -LEADER
fixed length control field 01238cam a22002174a 4500
005 - ΗΜΕΡΟΜΗΝΙΑ ΚΑΙ ΩΡΑ ΤΕΛΕΥΤΑΙΑΣ ΕΝΗΜΕΡΩΣΗΣ
Πεδίο ελέγχου 20250605164253.0
008 - FIXED-LENGTH DATA ELEMENTS--GENERAL INFORMATION
Πεδίο ελέγχου σταθερού μήκους 250528s ||||||||||||||||||||||||d
035 ## - SYSTEM CONTROL NUMBER
System control number 21809
020 ## - ISBN
ISBN 97896033934981
040 ## - ΠΗΓΗ ΚΑΤΑΛΟΓΟΓΡΑΦΗΣΗΣ
Φορέας πρωτότυπης καταλογογράφησης MC Athens Campus Library
Γλώσσα καταλογογράφησης Ελληνικά, Μοντέρνα (1453-)
Modifying agency MC Athens Campus Library
Κανόνες περιγραφικής καταλογογράφησης AACR2
245 1# - ΤΙΤΛΟΣ ΚΑΙ ΔΗΛΩΣΗ ΥΠΕΥΘΥΝΟΤΗΤΑΣ
Τίτλος Η ΨΥΧΟΛΟΓΙΑ ΤΟΥ ΕΦΗΒΟΥ
250 ## - EDITION STATEMENT
Edition statement 1
260 ## - PUBLICATION, DISTRIBUTION, ETC.
Name of publisher, distributor, etc. Ελληνικά Γράμματα,
Date of publication, distribution, etc. 2001
300 ## - PHYSICAL DESCRIPTION
Extent 503
505 0# - FORMATTED CONTENTS NOTE
Formatted contents note ΒΙΟΣΩΜΑΤΙΚΕΣ ΑΛΛΑΓΕΣ ΣΤΗΝ ΕΦΗΒΕΙΑ ΣΥΝΑΙΣΘΗΜΑΤΙΚΕΣ ΚΑΙ ΚΟΙΝΩΝΙΚΕΣ ΑΛΛΑΓΕΣ ΣΤΗΝ ΕΦΗΒΕΙΑ Η ΚΡΙΣΗ ΤΗΣ ΕΦΗΒΕΙΑΣ ΙΔΙΑΤΕΡΑ ΨΥΧΙΚΑ ΦΑΙΝΟΜΕΝΑ ΣΤΗΝ ΕΦΗΒΕΙΑ ΑΠΟΧΩΡΙΣΜΟΣ ΚΑΙ ΑΥΤΟΝΟΜΗΣΗ ΣΤΗΝ ΕΦΗΒΕΙΑ
520 ## - SUMMARY, ETC.
Summary, etc. ΒΙΟΣΩΜΑΤΙΚΕΣ ΑΛΛΑΓΕΣ ΣΤΗΝ ΕΦΗΒΕΙΑ ΣΥΝΑΙΣΘΗΜΑΤΙΚΕΣ ΚΑΙ ΚΟΙΝΩΝΙΚΕΣ ΑΛΛΑΓΕΣ ΣΤΗΝ ΕΦΗΒΕΙΑ Η ΚΡΙΣΗ ΤΗΣ ΕΦΗΒΕΙΑΣ ΙΔΙΑΤΕΡΑ ΨΥΧΙΚΑ ΦΑΙΝΟΜΕΝΑ ΣΤΗΝ ΕΦΗΒΕΙΑ ΑΠΟΧΩΡΙΣΜΟΣ ΚΑΙ ΑΥΤΟΝΟΜΗΣΗ ΣΤΗΝ ΕΦΗΒΕΙΑ
700 1# - ΠΡΟΣΘΕΤΗ ΑΝΑΓΡΑΦΗ--ΦΥΣΙΚΟ ΠΡΟΣΩΠΟ
Personal name Κουρκουτας Ηλιας
9 (RLIN) 7711
942 ## - ADDED ENTRY ELEMENTS (KOHA)
Koha item type Books
Holdings
Τύπος τεκμηρίου Βιβλιοθήκη Τρέχουσα τοποθεσία Barcode Αριθμός εισαγωγής Ημερομηνία απόκτησης Ταξιθετικό σύμβολο Αριθμός αντιτύπου Κατάσταση απόσυρσης Κατάσταση χαμένου Κατάσταση κατεστραμμένου Μη δανεισμός Σύνολο δανεισμών Ημερομηνία τελευταίας εμφάνισης Η τιμή ισχύει από
Books MC Thessaloniki Campus Library MC Thessaloniki Campus Library 9780000068675 1903 05/06/2025 155.5 ΚΟΥ 1           05/06/2025 05/06/2025

MC Athens Campus Library
Πατησίων 94 & Κοδριγκτώνος 13, 104 34
Πελλήνης 8 & Πατησίων 107, 112 51
Τ: +30 210 8899600

MC Thessaloniki Campus Library
Ίωνος Δραγούμη 21, 54625 | Ίωνος Δραγούμη 15, 54625
Τ: +30 2310 287779 – Τ: +30 2314 440300